<?xml version="1.0" encoding="UTF-8"?>
<collection xmlns="http://www.loc.gov/MARC21/slim">
 <record>
  <leader>04032nas a22006611  4500</leader>
  <controlfield tag="001">1/50304</controlfield>
  <controlfield tag="008">020619c19709999gr qxzp           g0eng d</controlfield>
  <datafield tag="022" ind1=" " ind2=" ">
   <subfield code="a">0013-9696</subfield>
  </datafield>
  <datafield tag="035" ind1=" " ind2=" ">
   <subfield code="l">23861</subfield>
  </datafield>
  <datafield tag="090" ind1=" " ind2=" ">
   <subfield code="a">Αλφαβητική σειρά</subfield>
  </datafield>
  <datafield tag="245" ind1="0" ind2="0">
   <subfield code="a">Επιθεώρηση κοινωνικών ερευνών</subfield>
  </datafield>
  <datafield tag="260" ind1=" " ind2=" ">
   <subfield code="a">Αθήνα :</subfield>
   <subfield code="b">ΕΚΚΕ,</subfield>
   <subfield code="c">1970-</subfield>
  </datafield>
  <datafield tag="300" ind1=" " ind2=" ">
   <subfield code="a">τ. ;</subfield>
   <subfield code="c">24 εκ.</subfield>
  </datafield>
  <datafield tag="310" ind1=" " ind2=" ">
   <subfield code="a">Τρεις φορές το χρόνο</subfield>
  </datafield>
  <datafield tag="321" ind1=" " ind2=" ">
   <subfield code="a">Διμηνιαίο,</subfield>
   <subfield code="b">1971-1984</subfield>
  </datafield>
  <datafield tag="321" ind1=" " ind2=" ">
   <subfield code="a">Τριμηνιαίο,</subfield>
   <subfield code="b">1985-1991</subfield>
  </datafield>
  <datafield tag="362" ind1="0" ind2=" ">
   <subfield code="a">Τχ.9-10(Ιούλ.-Δεκ.)1971-τχ.83(Οκτ.-Δεκ. 1991)</subfield>
  </datafield>
  <datafield tag="362" ind1="0" ind2=" ">
   <subfield code="a">Τχ.84-85(Ιαν. 1994)-τχ.107 Α΄(Ιαν./Απρίλ. 2002)</subfield>
  </datafield>
  <datafield tag="362" ind1="0" ind2=" ">
   <subfield code="a">Τχ.110 Α΄(Ιαν.-Απρίλ. 2003)-</subfield>
  </datafield>
  <datafield tag="546" ind1=" " ind2=" ">
   <subfield code="a">English</subfield>
  </datafield>
  <datafield tag="650" ind1=" " ind2="4">
   <subfield code="a">Κοινωνικές Επιστήμες</subfield>
   <subfield code="v">Περιοδικά.</subfield>
  </datafield>
  <datafield tag="710" ind1="2" ind2=" ">
   <subfield code="a">Εθνικό Κέντρο Κοινωνικών Ερευνών.</subfield>
  </datafield>
  <datafield tag="852" ind1=" " ind2=" ">
   <subfield code="a">INST</subfield>
   <subfield code="b">UNIPILB</subfield>
   <subfield code="c">SERIALS</subfield>
   <subfield code="e">20050526</subfield>
   <subfield code="h">Αλφαβητική σειρά</subfield>
   <subfield code="p">43604</subfield>
   <subfield code="q">43604</subfield>
   <subfield code="t">NOLOAN</subfield>
   <subfield code="v">τεύχ.113;part.Α:(Έτος)2004</subfield>
   <subfield code="y">23</subfield>
  </datafield>
  <datafield tag="852" ind1=" " ind2=" ">
   <subfield code="a">INST</subfield>
   <subfield code="b">UNIPILB</subfield>
   <subfield code="c">SERIALS</subfield>
   <subfield code="e">20050526</subfield>
   <subfield code="h">Αλφαβητική σειρά</subfield>
   <subfield code="p">43605</subfield>
   <subfield code="q">43605</subfield>
   <subfield code="t">NOLOAN</subfield>
   <subfield code="v">τεύχ.114;part.Β:(Έτος)2004</subfield>
   <subfield code="y">23</subfield>
  </datafield>
  <datafield tag="852" ind1=" " ind2=" ">
   <subfield code="a">INST</subfield>
   <subfield code="b">UNIPILB</subfield>
   <subfield code="c">SERIALS</subfield>
   <subfield code="e">20050526</subfield>
   <subfield code="h">Αλφαβητική σειρά</subfield>
   <subfield code="p">43606</subfield>
   <subfield code="q">43606</subfield>
   <subfield code="t">NOLOAN</subfield>
   <subfield code="v">τεύχ.115;part.Γ:(Έτος)2004</subfield>
   <subfield code="y">23</subfield>
  </datafield>
  <datafield tag="852" ind1=" " ind2=" ">
   <subfield code="a">INST</subfield>
   <subfield code="b">UNIPILB</subfield>
   <subfield code="c">SERIALS</subfield>
   <subfield code="e">20050823</subfield>
   <subfield code="h">Αλφαβητική σειρά</subfield>
   <subfield code="p">45365</subfield>
   <subfield code="q">45365</subfield>
   <subfield code="t">NOLOAN</subfield>
   <subfield code="v">τεύχ.116;part.Α:(Έτος)2005</subfield>
   <subfield code="y">23</subfield>
  </datafield>
  <datafield tag="852" ind1=" " ind2=" ">
   <subfield code="a">INST</subfield>
   <subfield code="b">UNIPILB</subfield>
   <subfield code="c">SERIALS</subfield>
   <subfield code="e">20051219</subfield>
   <subfield code="h">Αλφαβητική σειρά</subfield>
   <subfield code="p">49243</subfield>
   <subfield code="q">49243</subfield>
   <subfield code="t">NOLOAN</subfield>
   <subfield code="v">τεύχ.117;part.Β:(Έτος)2005</subfield>
   <subfield code="y">23</subfield>
  </datafield>
  <datafield tag="852" ind1=" " ind2=" ">
   <subfield code="a">INST</subfield>
   <subfield code="b">UNIPILB</subfield>
   <subfield code="c">SERIALS</subfield>
   <subfield code="e">20060403</subfield>
   <subfield code="h">Αλφαβητική σειρά</subfield>
   <subfield code="p">51054</subfield>
   <subfield code="q">51054</subfield>
   <subfield code="t">NOLOAN</subfield>
   <subfield code="v">τεύχ.118;part.Γ:(Έτος)2005</subfield>
   <subfield code="y">23</subfield>
  </datafield>
  <datafield tag="852" ind1=" " ind2=" ">
   <subfield code="a">INST</subfield>
   <subfield code="b">UNIPILB</subfield>
   <subfield code="c">SERIALS</subfield>
   <subfield code="e">20061012</subfield>
   <subfield code="h">Αλφαβητική σειρά</subfield>
   <subfield code="p">53056</subfield>
   <subfield code="q">53056</subfield>
   <subfield code="t">NOLOAN</subfield>
   <subfield code="v">τεύχ.119;part.Α:(Έτος)2006</subfield>
   <subfield code="y">23</subfield>
  </datafield>
  <datafield tag="852" ind1=" " ind2=" ">
   <subfield code="a">INST</subfield>
   <subfield code="b">UNIPILB</subfield>
   <subfield code="c">SERIALS</subfield>
   <subfield code="e">20070412</subfield>
   <subfield code="h">Αλφαβητική σειρά</subfield>
   <subfield code="p">55204</subfield>
   <subfield code="q">55204</subfield>
   <subfield code="t">NOLOAN</subfield>
   <subfield code="v">τεύχ.120;part.Β:(Έτος)2006</subfield>
   <subfield code="y">23</subfield>
  </datafield>
  <datafield tag="852" ind1=" " ind2=" ">
   <subfield code="a">INST</subfield>
   <subfield code="b">UNIPILB</subfield>
   <subfield code="c">SERIALS</subfield>
   <subfield code="e">20070703</subfield>
   <subfield code="h">Αλφαβητική σειρά</subfield>
   <subfield code="p">56112</subfield>
   <subfield code="q">56112</subfield>
   <subfield code="t">NOLOAN</subfield>
   <subfield code="v">τεύχ.121;part.Γ:(Έτος)2006</subfield>
   <subfield code="y">23</subfield>
  </datafield>
  <datafield tag="852" ind1=" " ind2=" ">
   <subfield code="a">INST</subfield>
   <subfield code="b">UNIPILB</subfield>
   <subfield code="c">SERIALS</subfield>
   <subfield code="e">20090710</subfield>
   <subfield code="h">Αλφαβητική σειρά</subfield>
   <subfield code="p">64392</subfield>
   <subfield code="q">64392</subfield>
   <subfield code="t">NOLOAN</subfield>
   <subfield code="v">τεύχ.127;part.Γ:(Έτος)2008</subfield>
   <subfield code="y">23</subfield>
  </datafield>
  <datafield tag="852" ind1=" " ind2=" ">
   <subfield code="a">INST</subfield>
   <subfield code="b">UNIPILB</subfield>
   <subfield code="c">SERIALS</subfield>
   <subfield code="e">20160201</subfield>
   <subfield code="h">Αλφαβητική σειρά</subfield>
   <subfield code="p">87384</subfield>
   <subfield code="q">87384</subfield>
   <subfield code="t">NOLOAN</subfield>
   <subfield code="v">τεύχ.108-109 Β'-Γ':(Έτος)2002</subfield>
   <subfield code="y">23</subfield>
  </datafield>
  <datafield tag="856" ind1="4" ind2="1">
   <subfield code="u">http://www.ekke.gr</subfield>
  </datafield>
  <datafield tag="900" ind1=" " ind2=" ">
   <subfield code="a">Τχ. 128 (2009)</subfield>
   <subfield code="b">Οφειλόμενο</subfield>
   <subfield code="c">17/03/2010</subfield>
  </datafield>
  <datafield tag="900" ind1=" " ind2=" ">
   <subfield code="a">Τχ. 122 (2007)</subfield>
   <subfield code="b">Οφειλόμενο</subfield>
   <subfield code="c">16/03/2008</subfield>
  </datafield>
  <datafield tag="900" ind1=" " ind2=" ">
   <subfield code="a">Τχ. 123 (2007)</subfield>
   <subfield code="b">Οφειλόμενο</subfield>
   <subfield code="c">14/07/2008</subfield>
  </datafield>
  <datafield tag="900" ind1=" " ind2=" ">
   <subfield code="a">Τχ. 124 (2007)</subfield>
   <subfield code="b">Οφειλόμενο</subfield>
   <subfield code="c">14/07/2009</subfield>
  </datafield>
  <datafield tag="900" ind1=" " ind2=" ">
   <subfield code="a">Τχ. 125 (2008)</subfield>
   <subfield code="b">Οφειλόμενο</subfield>
   <subfield code="c">14/07/2009</subfield>
  </datafield>
  <datafield tag="900" ind1=" " ind2=" ">
   <subfield code="a">Τχ. 126 (2008)</subfield>
   <subfield code="b">Οφειλόμενο</subfield>
   <subfield code="c">14/07/2009</subfield>
  </datafield>
  <datafield tag="950" ind1=" " ind2=" ">
   <subfield code="a">01/01/2002</subfield>
   <subfield code="c">ΔΩΡΕΑ ΠΕΡΙΟΔΙΚΩΝ</subfield>
   <subfield code="d">515</subfield>
  </datafield>
  <datafield tag="951" ind1=" " ind2=" ">
   <subfield code="a">Ειδική έκδοση 2003</subfield>
   <subfield code="b">Supplements</subfield>
  </datafield>
  <datafield tag="951" ind1=" " ind2=" ">
   <subfield code="a">Τχ.9-10(Ιούλ.-Δεκ.)1971 -  (τχ.83(Οκτ.-Δεκ. 1991)</subfield>
   <subfield code="b">Main run</subfield>
  </datafield>
  <datafield tag="951" ind1=" " ind2=" ">
   <subfield code="a">Τχ.84-85(Ιαν. 1994) -  (τχ.107 Α΄(Ιαν./Απρίλ. 2002)</subfield>
   <subfield code="b">Main run</subfield>
  </datafield>
  <datafield tag="951" ind1=" " ind2=" ">
   <subfield code="a">Τχ.110 Α΄(2003) -  (τχ.111-112 Β΄-Γ΄(2003)</subfield>
   <subfield code="b">Main run</subfield>
  </datafield>
  <datafield tag="951" ind1=" " ind2=" ">
   <subfield code="a">Τχ. 108-109  (Β'-Γ' 2002)</subfield>
   <subfield code="b">Main run</subfield>
  </datafield>
  <datafield tag="951" ind1=" " ind2=" ">
   <subfield code="a">Τχ. 113  (Α΄ 2004)</subfield>
   <subfield code="b">Main run</subfield>
  </datafield>
  <datafield tag="951" ind1=" " ind2=" ">
   <subfield code="a">Τχ. 114  (Β΄ 2004)</subfield>
   <subfield code="b">Main run</subfield>
  </datafield>
  <datafield tag="951" ind1=" " ind2=" ">
   <subfield code="a">Τχ. 115  (Γ΄ 2004)</subfield>
   <subfield code="b">Main run</subfield>
  </datafield>
  <datafield tag="951" ind1=" " ind2=" ">
   <subfield code="a">Τχ. 116  (Α΄ 2005)</subfield>
   <subfield code="b">Main run</subfield>
  </datafield>
  <datafield tag="951" ind1=" " ind2=" ">
   <subfield code="a">Τχ. 117  (Β΄ 2005)</subfield>
   <subfield code="b">Main run</subfield>
  </datafield>
  <datafield tag="951" ind1=" " ind2=" ">
   <subfield code="a">Τχ. 118  (Γ΄ 2005)</subfield>
   <subfield code="b">Main run</subfield>
  </datafield>
  <datafield tag="951" ind1=" " ind2=" ">
   <subfield code="a">Τχ. 119  (Α΄ 2006)</subfield>
   <subfield code="b">Main run</subfield>
  </datafield>
  <datafield tag="951" ind1=" " ind2=" ">
   <subfield code="a">Τχ. 120  (Β΄ 2006)</subfield>
   <subfield code="b">Main run</subfield>
  </datafield>
  <datafield tag="951" ind1=" " ind2=" ">
   <subfield code="a">Τχ. 121  (Γ΄ 2006)</subfield>
   <subfield code="b">Main run</subfield>
  </datafield>
  <datafield tag="951" ind1=" " ind2=" ">
   <subfield code="a">Τχ. 122  (Α' 2007)</subfield>
   <subfield code="b">Main run</subfield>
  </datafield>
  <datafield tag="951" ind1=" " ind2=" ">
   <subfield code="a">Τχ. 127  (Γ' 2008)</subfield>
   <subfield code="b">Main run</subfield>
  </datafield>
  <datafield tag="952" ind1=" " ind2=" ">
   <subfield code="a">(11-16,18)1973,(21-22)1974,(23-27)1976,1982,(47,50)1983,1984</subfield>
  </datafield>
 </record>
</collection>
